Biggest Cities in Georgias - Country and State - Statistics

General Stats
  • This quiz has been taken 20 times
  • The average score is 4 of 12
Answer Stats
Population City % Correct
C 1,184,282 Tbilisi
90%
S 499,127 Atlanta
85%
S 148,004 Savannah
50%
C 204,156 Batumi
45%
S 128,561 Athens
35%
C 147,635 Kutaisi
35%
S 156,197 Macon
35%
S 202,096 Augusta
30%
S 202,616 Columbus
25%
C 125,103 Rustavi
5%
S 107,763 Sandy Springs
0%
S 111,158 South Fulton
0%
No matching quizzes found
Score Distribution
Percent of People with Each Score
Percentile by Number Answered
Your Score History
You have not taken this quiz